All ROSALÍA Songs (November 2025) - Statistics

General Stats
  • This quiz has been taken 106 times
    49 since last reset
  • The average score is 48 of 98
Answer Stats
Year Song % Correct
La Perla (feat. Yahritza Y Su Esencia)
94%
2023 BESO (with Rauw Alejandro)
89%
2018 MALAMENTE - Cap.1: Augurio
89%
2022 SAOKO
89%
VAMPIROS (with Rauw Alejandro)
89%
Berghain (feat. Björk & Yves Tumor)
83%
Con Altura (feat. J Balvin & El Guincho)
83%
DESPECHÁ
83%
DESPECHÁ - Remix (feat. Cardi B)
83%
MOTOMAMI
83%
BAGDAD - Cap.7: Liturgia
78%
2021 LA FAMA (feat. The Weeknd)
78%
LA FAMA - Live en el Palau Sant Jordi
78%
Magnolias
78%
Reliquia
78%
Abcdefg
72%
CUUUUuuuuuute
72%
De Madrugá
72%
Dios Es Un Stalker
72%
Divinize
72%
La Yugular
72%
PIENSO EN TU MIRÁ - Cap.3: Celos
72%
Sauvignon Blanc
72%
CANDY
67%
CANDY - Remix (feat. Chencho Corleone)
67%
DE AQUÍ NO SALES - Cap.4: Disputa
67%
DI MI NOMBRE - Cap.8: Éxtasis
67%
LA COMBI VERSACE (feat. Tokischa)
67%
La Rumba Del Perdón (feat. Estrella Morente & Sílvia Pérez Cruz)
67%
Mio Cristo Piange Diamanti
67%
2025 Sexo, Violencia y Llantas
67%
A NINGÚN HOMBRE - Cap.11: Poder
61%
BIZCOCHITO
61%
CHICKEN TERIYAKI
61%
Memória (feat. Carminho)
61%
Mundo Nuevo
61%
Porcelana (feat. Dougie F)
61%
QUE NO SALGA LA LUNA - Cap.2: Boda
61%
SAKURA
61%
COMO UN G
56%
DIABLO
56%
HENTAI
56%
NANA - Cap.9: Concepción
56%
2024 New Woman (with LISA)
56%
PROMESA (with Rauw Alejandro)
56%
TKN (feat. Travis Scott)
56%
A Palé
50%
2016 Catalina
50%
CHIRI
50%
Dio$ No$ Libre Del Dinero
50%
G3 N15
50%
LLYLM
50%
Yo x Ti, Tu x Mi (feat. Ozuna)
50%
Aute Cuture
44%
BULERÍAS
44%
Dolerme
44%
Lo Vas A Olvidar (with Billie Eilish)
44%
2019 Milionària
44%
PRESO - Cap.6: Clausura
44%
TUYA
44%
DELIRIO DE GRANDEZA
39%
2020 Juro Que
39%
RENIEGO - Cap.5: Lamento
39%
AISLAMIENTO
33%
Aunque Es De Noche
33%
Blinding Lights - Remix (with The Weeknd)
33%
Brillo (with J Balvin)
33%
El Pañuelo (with Romeo Santos)
33%
La Hija De Juan Simón
33%
LA KILIÉ
33%
LAX
33%
MALDICIÓN - Cap.10: Cordura
33%
Oral (with Björk)
33%
Antes de Morirme (with C. Tangana)
28%
De Plata
28%
Día 14 De Abril
28%
LA NOCHE DE ANOCHE (with Bad Bunny)
28%
Linda (with Tokischa)
28%
2017 Si Tú Supieras Compañero
28%
Thank Yu :)
28%
Barefoot In The Park (with James Blake)
22%
Besos Moja2 (with Wisin & Yandel)
22%
Omega (feat. Ralphie Choo)
22%
Relación - Remix (with Sech, Daddy Yankee, J Balvin & Farruko)
22%
El Redentor
17%
HIGHEST IN THE ROOM - Remix (with Travis Scott & Lil Baby)
17%
Nos Quedamos Solitos
17%
I See A Darkness
11%
KLK (with Arca)
11%
Por Castigarme Tan Fuerte
11%
Por Mi Puerta No Lo Pasen
11%
Que Se Muere Que Se Muere
11%
Te Venero
11%
Me Traicionaste (feat. A.CHAL)
6%
Seguiriya Madre (with Niño de Elche)
6%
Con la Peña (with Cálido Lehamo & Spaced Out Family)
0%
Cuando Te Beso - Live (with Niña Pastori)
0%
Nothing's Special (with Oneohtrix Point Never)
0%
No matching quizzes found
Score Distribution
Percent of People with Each Score
Percentile by Number Answered
Your Score History
You have not taken this quiz since the last reset